<?xml version="1.0" encoding="UTF-8"?>
<record
    xmlns:xsi="http://www.w3.org/2001/XMLSchema-instance"
    xsi:schemaLocation="http://www.loc.gov/MARC21/slim http://www.loc.gov/standards/marcxml/schema/MARC21slim.xsd"
    xmlns="http://www.loc.gov/MARC21/slim">

  <leader>02455nam a22003137a 4500</leader>
  <controlfield tag="001">4456</controlfield>
  <controlfield tag="003">FISKH</controlfield>
  <controlfield tag="005">20250822081039.0</controlfield>
  <controlfield tag="008">240910b        cb ||||| |||| 00| 0 eng d</controlfield>
  <datafield tag="020" ind1=" " ind2=" ">
    <subfield code="a">9789996357817</subfield>
  </datafield>
  <datafield tag="040" ind1=" " ind2=" ">
    <subfield code="a">FISKH</subfield>
    <subfield code="b">Khmer</subfield>
    <subfield code="c">FISKH</subfield>
    <subfield code="d">FISKH</subfield>
  </datafield>
  <datafield tag="050" ind1=" " ind2=" ">
    <subfield code="a">PZ7</subfield>
  </datafield>
  <datafield tag="082" ind1=" " ind2=" ">
    <subfield code="a">200</subfield>
  </datafield>
  <datafield tag="100" ind1=" " ind2=" ">
    <subfield code="a">Kryle, Marilyn</subfield>
    <subfield code="e">author </subfield>
  </datafield>
  <datafield tag="245" ind1=" " ind2=" ">
    <subfield code="a">&#x1780;&#x17D2;&#x179A;&#x1796;&#x17BE;&#x179F;&#x1785;&#x17D2;&#x1785;&#x1792;&#x1798;&#x17CF; &#x1793;&#x17B7;&#x1784;&#x1796;&#x17D2;&#x179A;&#x17C7;&#x1798;&#x17A0;&#x17B6;&#x1796;&#x17C4;&#x1792;&#x17B7;&#x179F;&#x178F;&#x17D2;&#x179C; /</subfield>
    <subfield code="c">&#x1785;&#x1784;&#x1780;&#x17D2;&#x179A;&#x1784;&#x178A;&#x17C4;&#x1799; &#x1798;&#x17C9;&#x17B6;&#x179A;&#x17B8;&#x179B;&#x17BA;&#x1793; &#x1782;&#x17D2;&#x179A;&#x17B8;&#x17A1;&#x17C1; : &#x179A;&#x1785;&#x1793;&#x17B6;&#x179A;&#x17BC;&#x1794;&#x1797;&#x17B6;&#x1796;&#x178A;&#x17C4;&#x1799; : &#x1794;&#x17D2;&#x179A;&#x17C1;&#x1793;&#x178C;&#x17B7;&#x1793; &#x179C;&#x17B7;&#x1793;&#x179F;&#x17B6;&#x179B; </subfield>
  </datafield>
  <datafield tag="250" ind1=" " ind2=" ">
    <subfield code="a">&#x1794;&#x17C4;&#x17C7;&#x1796;&#x17BB;&#x1798;&#x17D2;&#x1796;&#x179B;&#x17BE;&#x1780;&#x1791;&#x17B8;&#x17E1; : &#x1786;&#x17D2;&#x1793;&#x17B6;&#x17C6; &#x17E2;&#x17E0;&#x17E1;&#x17E0;</subfield>
  </datafield>
  <datafield tag="260" ind1=" " ind2=" ">
    <subfield code="a">&#x1797;&#x17D2;&#x1793;&#x17C6;&#x1796;&#x17C1;&#x1789; : </subfield>
    <subfield code="b">&#x17A2;&#x1784;&#x17D2;&#x1782;&#x1780;&#x17B6;&#x179A;&#x179F;&#x178F;&#x17D2;&#x179C;&#x1796;&#x17D2;&#x179A;&#x17C3;&#x1793;&#x17B7;&#x1784;&#x179A;&#x17BB;&#x1780;&#x17D2;&#x1781;&#x1787;&#x17B6;&#x178F;&#x17B7;&#x17A2;&#x1793;&#x17D2;&#x178F;&#x179A;&#x1787;&#x17B6;&#x178F;&#x17B7; &#x1780;&#x1798;&#x17D2;&#x1798;&#x179C;&#x17B7;&#x1792;&#x17B8;&#x1794;&#x17D2;&#x179A;&#x1785;&#x17B6;&#x17C6;&#x1794;&#x17D2;&#x179A;&#x1791;&#x17C1;&#x179F;&#x1780;&#x1798;&#x17D2;&#x1796;&#x17BB;&#x1787;&#x17B6; ; </subfield>
    <subfield code="c">2010&#x200B; . </subfield>
  </datafield>
  <datafield tag="300" ind1=" " ind2=" ">
    <subfield code="a">31 unnumbered pages : </subfield>
    <subfield code="b">color illustrations ; </subfield>
    <subfield code="c">30 cm . </subfield>
  </datafield>
  <datafield tag="505" ind1=" " ind2=" ">
    <subfield code="a">Q 
</subfield>
  </datafield>
  <datafield tag="520" ind1=" " ind2=" ">
    <subfield code="a">&#x1798;&#x17B6;&#x1793;&#x1780;&#x17D2;&#x179F;&#x178F;&#x17D2;&#x179A;&#x17B6;&#x1798;&#x17BD;&#x1799;&#x17A2;&#x1784;&#x17D2;&#x1782;&#x1796;&#x17D2;&#x179A;&#x17C7;&#x1793;&#x17B6;&#x1798;&#x200B; &#x179F;&#x17B7;&#x1791;&#x17D2;&#x1792;&#x178F;&#x17D2;&#x1790;&#x1782;&#x17C4;&#x178F;&#x17D2;&#x178F;&#x1798; &#x1791;&#x17D2;&#x179A;&#x1784;&#x17CB;&#x1787;&#x17B6;&#x1780;&#x17D2;&#x179F;&#x178F;&#x17D2;&#x179A;&#x178A;&#x17C2;&#x179B;&#x1798;&#x17B6;&#x1793;&#x1796;&#x17D2;&#x179A;&#x17C7;&#x1791;&#x17D0;&#x1799;&#x1791;&#x17BC;&#x179B;&#x17B6;&#x1799; &#x178F;&#x17C2;&#x1791;&#x17D2;&#x179A;&#x1784;&#x17CB;&#x1798;&#x17B7;&#x1793;&#x179F;&#x1794;&#x17D2;&#x1794;&#x17B6;&#x1799;&#x1796;&#x17D2;&#x179A;&#x17C7;&#x17A0;&#x1794;&#x17D2;&#x1789;&#x1791;&#x17D0;&#x1799;&#x17A1;&#x17BE;&#x1799; &#x178A;&#x17C4;&#x1799;&#x179F;&#x17B6;&#x179A;&#x178F;&#x17C2;&#x1791;&#x17D2;&#x179A;&#x1784;&#x17BE;&#x1794;&#x17B6;&#x1793;&#x1791;&#x178F;&#x1783;&#x17BE;&#x1789;&#x1798;&#x17B6;&#x1793;&#x1791;&#x17BB;&#x1780;&#x17D2;&#x1781;&#x179F;&#x17C4;&#x1780;&#x179C;&#x17C1;&#x1791;&#x1793;&#x17B6;&#x200B;&#x1787;&#x17B6;&#x1785;&#x17D2;&#x179A;&#x17BE;&#x1793;&#x1793;&#x17C4;&#x1780;&#x17D2;&#x1793;&#x17BB;&#x1784;&#x1785;&#x1780;&#x17D2;&#x179A;&#x179C;&#x17B6;&#x17A1;&#x17CF;&#x1793;&#x17C1;&#x17C7; &#x17D4;&#x200B; &#x1796;&#x17D2;&#x179A;&#x17C7;&#x17A2;&#x1784;&#x17D2;&#x1782;&#x1794;&#x17B6;&#x1793;&#x179F;&#x17B7;&#x1780;&#x17D2;&#x179F;&#x17B6;&#x17A2;&#x179F;&#x17CB;&#x179A;&#x1799;&#x17C7;&#x1796;&#x17C1;&#x179B;&#x1787;&#x17B6;&#x1785;&#x17D2;&#x179A;&#x17BE;&#x1793;&#x1786;&#x17D2;&#x1793;&#x17B6;&#x17C6;&#x1787;&#x17B6;&#x1798;&#x17BD;&#x1799;&#x1793;&#x17BA;&#x1784;&#x1782;&#x17D2;&#x179A;&#x17BC;&#x1792;&#x17C6;&#x17D7; &#x178A;&#x17BE;&#x1798;&#x17D2;&#x1794;&#x17B8;&#x179F;&#x17D2;&#x179C;&#x17C2;&#x1784;&#x179A;&#x1780;&#x1795;&#x17D2;&#x179B;&#x17BC;&#x179C;&#x17A2;&#x17C4;&#x1799;&#x1798;&#x1793;&#x17BB;&#x179F;&#x17D2;&#x179F;&#x179B;&#x17C4;&#x1780;&#x1785;&#x17C0;&#x179F;&#x1795;&#x17BB;&#x178F;&#x1796;&#x17B8;&#x179F;&#x17C1;&#x1785;&#x1780;&#x17D2;&#x178F;&#x17B8;&#x1791;&#x17BB;&#x1780;&#x17D2;&#x1781; &#x1793;&#x17B7;&#x1784;&#x1780;&#x17B6;&#x179A;&#x1788;&#x17B8;&#x1785;&#x17B6;&#x1794;&#x17CB; &#x17D4;&#x200B;</subfield>
  </datafield>
  <datafield tag="520" ind1=" " ind2=" ">
    <subfield code="a">There was a king named Sith Kottam, he was a generous king, but he was not happy because he saw so much misery in this universe. He studied for a long time. Many years with great teachers to find a way for people to avoid suffering and persecution.</subfield>
  </datafield>
  <datafield tag="521" ind1="8" ind2=" ">
    <subfield code="a">660 
</subfield>
    <subfield code="b">Lexile estimate 
</subfield>
  </datafield>
  <datafield tag="521" ind1="8" ind2=" ">
    <subfield code="a">Q 
</subfield>
    <subfield code="b">Raz-Plus 
</subfield>
  </datafield>
  <datafield tag="650" ind1=" " ind2=" ">
    <subfield code="a">&#x1780;&#x17D2;&#x179A;&#x1796;&#x17BE;&#x179F;&#x1785;&#x17D2;&#x1785;&#x1792;&#x1798;&#x17CF;</subfield>
  </datafield>
  <datafield tag="650" ind1=" " ind2=" ">
    <subfield code="a">Crocodile Truth</subfield>
  </datafield>
  <datafield tag="700" ind1=" " ind2=" ">
    <subfield code="a">Vinsal , Brandin </subfield>
    <subfield code="e">&#x17A2;&#x17D2;&#x1793;&#x1780;&#x179A;&#x1785;&#x1793;&#x17B6;&#x179A;&#x17BC;&#x1794;&#x1797;&#x17B6;&#x1796;</subfield>
  </datafield>
  <datafield tag="942" ind1=" " ind2=" ">
    <subfield code="2">ddc</subfield>
    <subfield code="c">KHB</subfield>
    <subfield code="n">0</subfield>
  </datafield>
  <datafield tag="999" ind1=" " ind2=" ">
    <subfield code="c">4456</subfield>
    <subfield code="d">4456</subfield>
  </datafield>
  <datafield tag="952" ind1=" " ind2=" ">
    <subfield code="0">0</subfield>
    <subfield code="1">0</subfield>
    <subfield code="2">ddc</subfield>
    <subfield code="4">0</subfield>
    <subfield code="7">0</subfield>
    <subfield code="8">KH</subfield>
    <subfield code="a">002</subfield>
    <subfield code="b">002</subfield>
    <subfield code="c">SKB</subfield>
    <subfield code="d">2024-09-10</subfield>
    <subfield code="l">0</subfield>
    <subfield code="o">KRY PZ7 200</subfield>
    <subfield code="p">FIS05127</subfield>
    <subfield code="r">2024-09-10 16:07:14</subfield>
    <subfield code="t">1</subfield>
    <subfield code="w">2024-09-10</subfield>
    <subfield code="y">KHB</subfield>
  </datafield>
  <datafield tag="952" ind1=" " ind2=" ">
    <subfield code="0">0</subfield>
    <subfield code="1">0</subfield>
    <subfield code="2">ddc</subfield>
    <subfield code="4">0</subfield>
    <subfield code="7">0</subfield>
    <subfield code="8">KH</subfield>
    <subfield code="a">002</subfield>
    <subfield code="b">002</subfield>
    <subfield code="c">SKB</subfield>
    <subfield code="d">2024-09-10</subfield>
    <subfield code="l">0</subfield>
    <subfield code="o">KRY PZ7 200</subfield>
    <subfield code="p">FIS05128</subfield>
    <subfield code="r">2025-05-26 08:10:51</subfield>
    <subfield code="t">2</subfield>
    <subfield code="w">2024-09-10</subfield>
    <subfield code="y">KHB</subfield>
  </datafield>
  <datafield tag="952" ind1=" " ind2=" ">
    <subfield code="0">0</subfield>
    <subfield code="1">0</subfield>
    <subfield code="2">ddc</subfield>
    <subfield code="4">0</subfield>
    <subfield code="7">0</subfield>
    <subfield code="8">KH</subfield>
    <subfield code="a">002</subfield>
    <subfield code="b">002</subfield>
    <subfield code="c">SKB</subfield>
    <subfield code="d">2025-10-09</subfield>
    <subfield code="l">0</subfield>
    <subfield code="o">KRY PZ7 200</subfield>
    <subfield code="p">FIS05129</subfield>
    <subfield code="r">2025-10-09 13:59:57</subfield>
    <subfield code="t">3</subfield>
    <subfield code="w">2025-10-09</subfield>
    <subfield code="y">KHB</subfield>
  </datafield>
  <datafield tag="952" ind1=" " ind2=" ">
    <subfield code="0">0</subfield>
    <subfield code="1">0</subfield>
    <subfield code="2">ddc</subfield>
    <subfield code="4">0</subfield>
    <subfield code="7">0</subfield>
    <subfield code="8">KH</subfield>
    <subfield code="a">001</subfield>
    <subfield code="b">001</subfield>
    <subfield code="c">OKHR</subfield>
    <subfield code="d">2025-10-20</subfield>
    <subfield code="l">0</subfield>
    <subfield code="o">KRY PZ7 200</subfield>
    <subfield code="p">FISTK03507</subfield>
    <subfield code="r">2025-10-20 15:25:58</subfield>
    <subfield code="t">4</subfield>
    <subfield code="w">2025-10-20</subfield>
    <subfield code="y">KHB</subfield>
  </datafield>
</record>
